| 000 | 01362njm a2200313Ia 4500 | ||
|---|---|---|---|
| 001 | 25619 | ||
| 003 | IT-RoPAU | ||
| 005 | 20220918181204.0 | ||
| 008 | 131025s9999 xx 000 0 und d | ||
| 040 | _aIT-RoPAU | ||
| 040 | _cIT-RoPAU | ||
| 041 | _aITALIANO | ||
| 999 |
_c103288 _d103288 |
||
| 999 | _bn.d. | ||
| 100 |
_aDi Mario Angelo _9853 |
||
| 100 |
_eAutore musica _912622 |
||
| 100 |
_gCodice autore musica SPICS: 10868 _9855 |
||
| 245 | _aE' Natale fratello | ||
| 250 | _a1a ed. | ||
| 260 | _aALBANO | ||
| 260 |
_bEP - MUSICALI E DISCOGRAFICHE _c1974 [1a Ed.:1974 - Ed. Lingua Orig.: 1974] |
||
| 300 | _aDISCO | ||
| 300 | _c36 minuti (Testo: pag.) | ||
| 500 | _aMusica religiosa. Canti natalizi. Messaggio cristiano; apertura ai fratelli; amore verso i poveri; attenzione per chi ha una sofferenza nascosta | ||
| 505 | _aDimentica... è Natale - Guarda, Maria - Egli così piccolo - Il vecchio e la chitarra - La speranza di Natale - Il messaggio della Grotta - Natale in cartolina - La pace è facile - Profumo di neve - La grotta di Betlemme - Come una fiaba - Da Natale alla Befana | ||
| 511 | _aComplesso e Coro Ragazzi alla Ribalta diretti da Di Mario Angelo | ||
| 650 |
_aCANTI DI NATALE [DISCHI] _eCodice MATERIA SPICS: 9950 _912623 |
||
| 700 |
_aTombolato Pino _eAutore testo e musica _gCodice autore testo/musica SPICS: 10145 _912624 |
||
| 942 |
_cMD _2ddc |
||